Hướng dẫn thực hành Autodesk Revit Mep 2012
Spremljeno u:
| Daljnji autori: | |
|---|---|
| Jezik: | Undetermined |
| Izdano: |
Hà Nội
Từ điển Bách khoa
2012
|
| Teme: | |
| Oznake: |
Dodaj oznaku
Bez oznaka, Budi prvi tko označuje ovaj zapis!
|
| Thư viện lưu trữ: | Trung tâm Học liệu Trường Đại học Trà Vinh |
|---|
| LEADER | 00567nam a2200193Ia 4500 | ||
|---|---|---|---|
| 001 | TVU_18321 | ||
| 008 | 210423s9999 xx 000 0 und d | ||
| 041 | |a Vie | ||
| 082 | |a 720.28 | ||
| 082 | |b H561D | ||
| 245 | 0 | |a Hướng dẫn thực hành Autodesk Revit Mep 2012 | |
| 245 | 0 | |c VL. Comp tổng hợp, b.s. | |
| 260 | |a Hà Nội | ||
| 260 | |b Từ điển Bách khoa | ||
| 260 | |c 2012 | ||
| 300 | |b Đĩa CD + | ||
| 650 | |a Phần mềm Autodesk Revit; Thiết kế | ||
| 700 | |a VL. Comp tổng hợp; b.s. | ||
| 980 | |a Trung tâm Học liệu Trường Đại học Trà Vinh | ||